000 00799nam a2200229 i 4500
001 bg
245 0 0 _aTangram Zertifikat Deutsch [dokument elektroniczny].
260 _aIsmaning :
_bMax Hueber Verl.,
_ccop. 2001.
300 _a2 dyski optyczne (CD ROM) :
_bdźw., kolor ;
_c12 cm +
_eprzewodnik : 23 s.
500 _aDysk 1: Kursbuch, Hörtexte.
500 _aDysk 2: Arbeitsbuch, Hörtexte.
650 9 _aJęzyk niemiecki
655 _aPodręczniki
020 _a3190316171
040 _cBPK
041 0 _ager
080 _a811.112.2(086.8)(07)
920 _a3-19-031617-1
942 _cCD
008 s pl f |000 0 pol
999 _c24037
_d24037
856 _uhttp://koha.tu.koszalin.pl/cgi-bin/koha/opac-detail.pl?biblionumber=24037
_yKatalog online BPK